000 00505 a2200169 4500
005 20250429083358.0
020 _a0-07-228147-2
082 _a658 JON
100 _aJONES, G. R.
245 _aContemporary Management.
250 _a2nd Ed
260 _aNew York,
_bMcGraw- Hill,
_c2000.
300 _axxii, 776p.: ill.; figure, picture, table.
_bGlossary, Index.
_c25cm.
_eCD
700 _aGEOGRE, J. M. & HILL, C. W. L.
856 _yAccess Online Book
_fManagement
_dhttp://www.mhhe.com
942 _2ddc
_cBKS
999 _c1741
_d1741